[Event "13sen.WMH 2003 Senioren"]
[Site "Bad Zwischenahn(17.11.-29.11.2003)"]
[Date "2003.??.??"]
[Round "11.41"]
[White "Eidelmann, Vova"]
[Black "Sanakoev, Grigory"]
[Result "1/2-1/2"]
[WhiteElo "1930"]
[BlackElo "2264"]
[PlyCount "80"]


1. e4 c5 2. Nf3 e6 3. d4 cxd4 4. Nxd4 Nc6 5. Nc3 Qc7 6. g3 a6 7. Bg2 d6 8. O-O
Bd7 9. Nxc6 Bxc6 10. Be3 Nf6 11. a4 Be7 12. a5 O-O 13. Bb6 Qc8 14. Qe2 Nd7 15.
Be3 Bf6 16. Rfd1 Qc7 17. Qd2 Ne5 18. Bb6 Qc8 19. Qe2 Be7 20. f4 Nd7 21. Bf2 Re8
22. Qe1 Qc7 23. Ne2 Rac8 24. Nd4 g6 25. Nxc6 bxc6 26. g4 c5 27. Rd3 Rb8 28. b3
Rb4 29. Rh3 Bf6 30. Rd1 Be7 31. Bh4 Bf8 32. Bg5 Bg7 33. Qh4 Nf8 34. Bf6 Qxa5
35. f5 Bxf6 36. Qxf6 Qd8 37. Qxd8 Rxd8 38. Ra1 Rb6 39. f6 h6 40. c4 e5 1/2-1/2

[Event "13sen.WMH 2003 Senioren"]
[Site "Bad Zwischenahn(17.11.-29.11.2003)"]
[Date "2003.??.??"]
[Round "11.42"]
[White "Hellwege, Werner"]
[Black "Vucenovic, Dragomir"]
[Result "0-1"]
[WhiteElo "1887"]
[BlackElo "2204"]
[PlyCount "82"]


1. d4 Nf6 2. Nf3 e6 3. e3 b6 4. Bd3 Bb7 5. Nbd2 d5 6. Ne5 Be7 7. f4 O-O 8. Qf3
c5 9. c3 Nfd7 10. O-O f5 11. g4 Ba6 12. Bxa6 Nxe5 13. Qe2 Nxa6 14. dxe5 Nc7 15.
g5 b5 16. Nf3 Qd7 17. Rd1 Rfd8 18. Bd2 a5 19. Be1 a4 20. Kg2 Ra7 21. Rac1 Qe8
22. Ng1 Na6 23. Qf3 c4 24. Ne2 b4 25. cxb4 Bxb4 26. Bxb4 Nxb4 27. a3 Nd3 28.
Rc2 Rb8 29. Rdd2 Rab7 30. Qf1 Rxb2 31. Nd4 Rxc2 32. Rxc2 Rb6 33. Kg3 Qb8 34.
Qd1 Rb1 35. Qh5 Rg1+ 36. Rg2 Rxg2+ 37. Kxg2 Qb2+ 38. Kh3 g6 39. Qf3 Nf2+ 40.
Kh4 Ne4 41. h3 Qc1 0-1

[Event "13sen.WMH 2003 Senioren"]
[Site "Bad Zwischenahn(17.11.-29.11.2003)"]
[Date "2003.??.??"]
[Round "11.43"]
[White "Tchetchelnitski, Boris"]
[Black "Rychlik, Kurt"]
[Result "1-0"]
[WhiteElo "2139"]
[BlackElo "1868"]
[PlyCount "123"]


1. Nf3 Nf6 2. c4 c5 3. g3 Nc6 4. Nc3 g6 5. Bg2 Bg7 6. O-O O-O 7. d4 cxd4 8.
Nxd4 Nxd4 9. Qxd4 d6 10. Qd3 Bf5 11. e4 Be6 12. b3 Qd7 13. Rd1 Rfd8 14. Bb2 Bh3
15. Bh1 Ng4 16. Qe2 Rac8 17. f3 Ne5 18. Qf2 b6 19. Rd2 h5 20. Nd5 Qb7 21. Rad1
Be6 22. Ne3 Bd7 23. a4 Bc6 24. Bg2 Rf8 25. Qe2 Bh6 26. f4 Nd7 27. Nd5 Nc5 28.
Qe3 Rce8 29. Qc3 Kh7 30. Re2 Rg8 31. Qc2 Bg7 32. Bxg7 Kxg7 33. Rf2 f6 34. Qc3
Nd7 35. Qe3 Nc5 36. e5 dxe5 37. fxe5 f5 38. b4 Ne6 39. b5 Bxd5 40. cxd5 Nc5 41.
d6 Qb8 42. Qd4 exd6 43. exd6+ Kh7 44. Bc6 Rd8 45. Re2 Rg7 46. Qf6 Rf8 47. Qg5
Rd8 48. Re7 Rxe7 49. Qxe7+ Kh6 50. d7 Qc7 51. Rd6 Ne4 52. Re6 Ng5 53. Rf6 Rg8
54. Rf8 Rg7 55. Qxg7+ Kxg7 56. d8=Q Qe5 57. Rg8+ Kh7 58. Re8 Qc5+ 59. Kf1 Qc1+
60. Ke2 Qc2+ 61. Qd2 Qc4+ 62. Ke1 1-0

[Event "13sen.WMH 2003 Senioren"]
[Site "Bad Zwischenahn(17.11.-29.11.2003)"]
[Date "2003.??.??"]
[Round "11.44"]
[White "Krueger, Erich"]
[Black "Jahr, Dieter,Dr."]
[Result "1-0"]
[WhiteElo "2140"]
[BlackElo "1895"]
[PlyCount "55"]


1. d4 d5 2. c4 e6 3. Nc3 Nf6 4. Nf3 Be7 5. e3 O-O 6. Bd3 dxc4 7. Bxc4 c5 8. O-O
Nc6 9. dxc5 Bxc5 10. Qe2 Qe7 11. a3 a6 12. b4 Bd6 13. Bb2 b5 14. Bd3 Bb7 15. e4
Ne5 16. Nxe5 Bxe5 17. f4 Bd4+ 18. Kh1 e5 19. fxe5 Qxe5 20. Rf5 Qe8 21. e5 Bxc3
22. Bxc3 Nd5 23. Bd4 Qd7 24. Bc5 Ne7 25. Rf6 Rae8 26. e6 Qd8 27. Raf1 Bxg2+ 28.
Qxg2 1-0

[Event "13sen.WMH 2003 Senioren"]
[Site "Bad Zwischenahn(17.11.-29.11.2003)"]
[Date "2003.??.??"]
[Round "11.45"]
[White "Schubert, Hans-Joachim[36AUT]"]
[Black "Rudnik, Heinz"]
[Result "1-0"]
[WhiteElo "1805"]
[BlackElo "1996"]
[PlyCount "63"]


1. e4 c5 2. Nf3 d6 3. c3 Nf6 4. Bd3 Nc6 5. Bc2 Bg4 6. O-O Ne5 7. Ba4+ Nfd7 8.
Nxe5 Bxd1 9. Bxd7+ Qxd7 10. Nxd7 Bc2 11. Nxf8 Bxe4 12. d4 c4 13. Bf4 g5 14. Bg3
Kxf8 15. Re1 f5 16. Nd2 Bd5 17. f4 h6 18. Rf1 g4 19. b3 b5 20. bxc4 bxc4 21.
Rab1 Kf7 22. Rb5 e6 23. Re1 Rhc8 24. Nf1 Be4 25. Ne3 d5 26. Rb7+ Kg6 27. Re2
Rc6 28. Reb2 Ra6 29. Re2 Rb6 30. Rxb6 axb6 31. Rb2 Ra6 32. Nc2 1-0

[Event "13sen.WMH 2003 Senioren"]
[Site "Bad Zwischenahn(17.11.-29.11.2003)"]
[Date "2003.??.??"]
[Round "11.48"]
[White "Ousatchi, Mark"]
[Black "Zotin, Vladimir"]
[Result "1/2-1/2"]
[WhiteElo "2041"]
[BlackElo "1882"]
[PlyCount "100"]


1. d4 Nf6 2. c4 c5 3. d5 b5 4. cxb5 a6 5. bxa6 Bxa6 6. Nc3 g6 7. g3 d6 8. Nh3
Bg7 9. Bg2 O-O 10. O-O Nbd7 11. Qc2 Qc7 12. Rd1 Rfb8 13. Ng5 h6 14. Ne6 Qa5 15.
Nxg7 Kxg7 16. h4 Ra7 17. Qd2 Rb4 18. Qxh6+ Kg8 19. Bf3 Ne5 20. Kg2 Rab7 21. h5
Nxf3 22. exf3 Nxh5 23. g4 Rxb2 24. gxh5 Qxc3 25. hxg6 Qf6 26. Bxb2 Rxb2 27.
gxf7+ Kxf7 28. Qxf6+ Kxf6 29. Rdb1 Rd2 30. Rd1 Rb2 31. a4 Be2 32. Rdb1 Rd2 33.
a5 Rd3 34. a6 Bxf3+ 35. Kh2 Bxd5 36. a7 Rf3 37. a8=Q Rxf2+ 38. Kg3 Rf3+ 39. Kg4
Bxa8 40. Rxa8 Re3 41. Kf4 Re5 42. Rc8 Ke6 43. Rc7 Kd5 44. Rbb7 Re4+ 45. Kf3 e5
46. Rb6 Rf4+ 47. Ke3 Re4+ 48. Kd3 Rd4+ 49. Ke3 Re4+ 50. Kd2 Rd4+ 1/2-1/2

[Event "13sen.WMH 2003 Senioren"]
[Site "Bad Zwischenahn(17.11.-29.11.2003)"]
[Date "2003.??.??"]
[Round "11.49"]
[White "Keze, Arnis"]
[Black "Springer, Artur"]
[Result "0-1"]
[WhiteElo "1824"]
[BlackElo "1832"]
[PlyCount "124"]


1. d4 Nf6 2. c4 g6 3. Nc3 d5 4. Nf3 Bg7 5. Bf4 O-O 6. Qd2 Na6 7. Bh6 c5 8. Bxg7
Kxg7 9. dxc5 dxc4 10. e3 Qxd2+ 11. Nxd2 Nxc5 12. Bxc4 Bf5 13. f3 Rfd8 14. e4
Be6 15. Bxe6 Nxe6 16. O-O-O Nd4 17. Nb3 Nxb3+ 18. axb3 Rac8 19. Kc2 a6 20. Rhe1
e6 21. b4 Kf8 22. Kb3 b5 23. e5 Nd5 24. Nxd5 Rxd5 25. Rxd5 exd5 26. Rd1 Rd8 27.
Ra1 Ra8 28. Rc1 Rd8 29. Rc6 Ke7 30. Rxa6 d4 31. Rc6 d3 32. Rc1 Ke6 33. Rd1 Kxe5
34. Re1+ Kf5 35. Kc3 d2 36. Rd1 Ke5 37. Rxd2 Rxd2 38. Kxd2 Kd4 39. b3 f6 40. g3
h6 41. h3 h5 42. f4 g5 43. f5 g4 44. h4 Ke4 45. Ke2 Kxf5 46. Ke3 Ke5 47. Kd3 f5
48. Ke3 f4+ 49. gxf4+ Kf5 50. Kd4 g3 51. Ke3 g2 52. Kf2 Kxf4 53. Kxg2 Kg4 54.
Kg1 Kxh4 55. Kh2 Kg4 56. Kg2 Kf4 57. Kh3 Ke3 58. Kh4 Kd3 59. Kxh5 Kc3 60. Kg4
Kxb3 61. Kf3 Kxb4 62. Ke3 Kc3 0-1

[Event "13sen.WMH 2003 Senioren"]
[Site "Bad Zwischenahn(17.11.-29.11.2003)"]
[Date "2003.??.??"]
[Round "11.50"]
[White "Kuehn, Peter[38NBrandb]"]
[Black "Batakovs, Olegs"]
[Result "0-1"]
[WhiteElo "1882"]
[BlackElo "2123"]
[PlyCount "88"]


1. e4 c5 2. Nf3 e6 3. d4 cxd4 4. Nxd4 Nc6 5. Nc3 Qc7 6. g3 a6 7. Bg2 d6 8. O-O
Bd7 9. Nxc6 Bxc6 10. Be3 Nf6 11. a4 Be7 12. a5 O-O 13. Bb6 Qc8 14. Qe2 Nd7 15.
Be3 Bf6 16. Rfd1 Qc7 17. Qd2 Ne5 18. Bb6 Qc8 19. Qe2 Be7 20. f4 Nd7 21. Bf2 Re8
22. Qe1 Qc7 23. Ne2 Rac8 24. Nd4 g6 25. Nxc6 bxc6 26. g4 c5 27. Rd3 Rb8 28. b3
Rb4 29. h3 Bf6 30. Rad1 Be7 31. Bh4 Bf8 32. Bg5 Bg7 33. Qh4 Nf8 34. Bf6 Qxa5
35. f5 Bxf6 36. Qxf6 Qd8 37. Qxd8 Rxd8 38. Rg3 Rb6 39. f6 h6 40. c4 e5 41. Rgd3
Kh7 42. g5 h5 43. Rf3 Ne6 44. Rg3 Nf4 0-1

[Event "13sen.WMH 2003 Senioren"]
[Site "Bad Zwischenahn(17.11.-29.11.2003)"]
[Date "2003.11.29"]
[Round "11.51"]
[White "Bomert, Egon"]
[Black "Bodenstein, Joachim"]
[Result "1-0"]
[WhiteElo "1942"]
[BlackElo "1862"]
[PlyCount "89"]


1. d4 d5 2. Nf3 Nc6 3. Bf4 Bg4 4. Nbd2 Nf6 5. c3 Nh5 6. Bg5 h6 7. Be3 Qd6 8. h3
Bd7 9. Nb3 b6 10. Qd2 f5 11. g3 e5 12. dxe5 Nxe5 13. Nxe5 Qxe5 14. Bg2 c6 15.
O-O-O Bd6 16. Bf3 Nf6 17. Bd4 Qe7 18. Bxf6 Qxf6 19. Bh5+ Ke7 20. e3 Rhd8 21.
Be2 Be8 22. Kb1 a5 23. Nd4 g6 24. h4 b5 25. h5 g5 26. Bd3 Bd7 27. Qc2 f4 28.
exf4 gxf4 29. Rde1+ Kf8 30. Bg6 Be5 31. Nf3 Re8 32. Ka1 Re7 33. Nh4 b4 34. gxf4
Qxf4 35. Bd3 Be8 36. Bg6 Qf6 37. f4 Bd6 38. Bxe8 Rexe8 39. Qh7 Rxe1+ 40. Rxe1
Qxh4 41. Qxh6+ Kf7 42. Qe6+ Kf8 43. Qxd6+ Kf7 44. Qe6+ Kf8 45. Rg1 1-0

[Event "13sen.WMH 2003 Senioren"]
[Site "Bad Zwischenahn(17.11.-29.11.2003)"]
[Date "2003.11.29"]
[Round "11.52"]
[White "Gerhardt, Peter-Michael"]
[Black "Perk, Egbert"]
[Result "1/2-1/2"]
[WhiteElo "2016"]
[BlackElo "1883"]
[PlyCount "28"]


1. d4 f5 2. Nf3 Nf6 3. g3 d5 4. Bg2 e6 5. Nbd2 Be7 6. Ne5 O-O 7. O-O Nbd7 8.
Ndf3 Ne4 9. Nxd7 Bxd7 10. Ne5 Be8 11. c4 c6 12. e3 a5 13. Qc2 Rc8 14. c5 Qc7
1/2-1/2

[Event "13sen.WMH 2003 Senioren"]
[Site "Bad Zwischenahn(17.11.-29.11.2003)"]
[Date "2003.??.??"]
[Round "11.55"]
[White "Semmler, Guenter"]
[Black "Molez, Karl"]
[Result "1/2-1/2"]
[WhiteElo "1951"]
[BlackElo "1885"]
[PlyCount "36"]


1. Nf3 Nf6 2. d4 g6 3. g3 d5 4. Bg2 Bg7 5. O-O O-O 6. c4 c6 7. Nc3 e6 8. b3
Nbd7 9. Qc2 b6 10. Bb2 Ba6 11. Nd2 Rc8 12. e4 dxe4 13. Ncxe4 Nxe4 14. Nxe4 Nf6
15. Ba3 Nxe4 16. Bxf8 Bxd4 17. Rad1 Nxf2 18. Rxf2 Kxf8 1/2-1/2

[Event "13sen.WMH 2003 Senioren"]
[Site "Bad Zwischenahn(17.11.-29.11.2003)"]
[Date "2003.??.??"]
[Round "11.56"]
[White "Baumgartner, Walter,Dr."]
[Black "Giering, Gregor"]
[Result "1-0"]
[WhiteElo "2046"]
[BlackElo "1752"]
[PlyCount "75"]


1. d4 Nf6 2. c4 e6 3. g3 c5 4. Nf3 Nc6 5. Bg2 d5 6. O-O dxc4 7. Ne5 Nxe5 8.
dxe5 Qxd1 9. Rxd1 Nd7 10. f4 Rb8 11. a4 Be7 12. Na3 O-O 13. Nxc4 a6 14. a5 b5
15. axb6 Nxb6 16. Na5 Bd7 17. Bc6 Bxc6 18. Nxc6 Rb7 19. Nxe7+ Rxe7 20. Rxa6 Rb7
21. Be3 h6 22. Bxc5 Rfb8 23. Bxb6 Rxb6 24. Rxb6 Rxb6 25. Rd8+ Kh7 26. Rd2 h5
27. Kf2 Kg6 28. Ke3 Kf5 29. Kd4 Rc6 30. b4 Rc8 31. b5 f6 32. exf6 gxf6 33. Rb2
e5+ 34. fxe5 fxe5+ 35. Kd5 e4 36. b6 Rd8+ 37. Kc6 Ke6 38. b7 1-0

[Event "13sen.WMH 2003 Senioren"]
[Site "Bad Zwischenahn(17.11.-29.11.2003)"]
[Date "2003.??.??"]
[Round "11.57"]
[White "Rehe, Walter"]
[Black "Titz, Herbert"]
[Result "1-0"]
[WhiteElo "1956"]
[BlackElo "1949"]
[PlyCount "87"]


1. e4 d6 2. d4 Nf6 3. Nc3 g6 4. f3 Bg7 5. Be3 c6 6. Qd2 h5 7. Bd3 b6 8. O-O-O
Ba6 9. e5 Nfd7 10. e6 Nf6 11. exf7+ Kxf7 12. Nh3 Nh7 13. Ne4 Bf6 14. g4 Bxd3
15. Qxd3 Qc8 16. Nf4 Nf8 17. gxh5 g5 18. Ng6 Rxh5 19. Nxf8 Qxf8 20. Rdg1 Qh8
21. Nxg5+ Bxg5 22. Rxg5 Rxg5 23. Bxg5 e6 24. Qe4 Qh3 25. Re1 a5 26. Bf4 d5 27.
Qe5 Na6 28. Rg1 Qh7 29. Qd6 Re8 30. Be5 Qh6+ 31. f4 Nb4 32. Rg7+ Qxg7 33. Bxg7
Kxg7 34. Qd7+ Kf8 35. a3 Na6 36. h4 Nb8 37. Qh7 c5 38. dxc5 bxc5 39. h5 Nc6 40.
h6 Re7 41. Qh8+ Kf7 42. Qg7+ Ke8 43. Qg8+ Kd7 44. h7 1-0

[Event "13sen.WMH 2003 Senioren"]
[Site "Bad Zwischenahn(17.11.-29.11.2003)"]
[Date "2003.??.??"]
[Round "11.58"]
[White "Broberg, Horst"]
[Black "Luecke, Volkmar"]
[Result "1-0"]
[WhiteElo "1958"]
[BlackElo "1878"]
[PlyCount "83"]


1. e4 e6 2. d4 d5 3. Nd2 dxe4 4. Nxe4 Nd7 5. Nf3 Ngf6 6. Nxf6+ Nxf6 7. Bd3 c5
8. O-O Qc7 9. Qe2 Bd7 10. Bg5 Be7 11. Rfd1 O-O 12. dxc5 h6 13. Bh4 Rad8 14. b4
Bc6 15. Ne5 Nd5 16. Nxc6 bxc6 17. Qe4 g6 18. Bxe7 Qxe7 19. Re1 Qc7 20. Qc4 Rb8
21. a3 Rfd8 22. Be4 a5 23. c3 Rd7 24. Bxd5 Rxd5 25. Rad1 Rbd8 26. Rxd5 Rxd5 27.
g3 Qd8 28. Kg2 axb4 29. axb4 h5 30. Qe4 Qf6 31. Re3 Qd8 32. c4 Rd4 33. Qxc6
Rxc4 34. b5 Qd4 35. Qe8+ Kg7 36. Rf3 f5 37. c6 e5 38. Qe7+ Kh6 39. Qf8+ Kh7 40.
Qe7+ Kh6 41. Qf6 e4 42. Rxf5 1-0

[Event "13sen.WMH 2003 Senioren"]
[Site "Bad Zwischenahn(17.11.-29.11.2003)"]
[Date "2003.??.??"]
[Round "11.59"]
[White "Lundgren, Bernt"]
[Black "Rubinstein, Mark"]
[Result "1/2-1/2"]
[WhiteElo "2066"]
[BlackElo "1938"]
[PlyCount "32"]


1. d4 Nf6 2. Nf3 b6 3. g3 Bb7 4. Bg2 g6 5. c4 Bg7 6. O-O O-O 7. Qc2 d6 8. Nc3
Nbd7 9. e4 e6 10. h3 a6 11. Be3 e5 12. dxe5 dxe5 13. Rad1 Qe7 14. Nd5 Nxd5 15.
cxd5 Rac8 16. Qd2 Rfd8 1/2-1/2

[Event "13sen.WMH 2003 Senioren"]
[Site "Bad Zwischenahn(17.11.-29.11.2003)"]
[Date "2003.??.??"]
[Round "11.60"]
[White "Daniel, Wolfgang"]
[Black "Pitro, Erwin"]
[Result "1/2-1/2"]
[WhiteElo "1930"]
[BlackElo "1947"]
[PlyCount "21"]


1. e4 g6 2. d4 Nh6 3. Nf3 Bg7 4. Be2 c6 5. O-O O-O 6. c3 Na6 7. Nbd2 Nc7 8. Re1
d6 9. Nf1 f6 10. Ng3 Nf7 11. h3 1/2-1/2

[Event "13sen.WMH 2003 Senioren"]
[Site "Bad Zwischenahn(17.11.-29.11.2003)"]
[Date "2003.??.??"]
[Round "11.61"]
[White "Schneider, Miloca"]
[Black "Weber, Gerhard,Dr.[34Levk]"]
[Result "1/2-1/2"]
[WhiteElo "1818"]
[BlackElo "1879"]
[PlyCount "31"]


1. d4 Nf6 2. Nf3 g6 3. c4 Bg7 4. Nc3 d6 5. e4 O-O 6. Be2 e5 7. dxe5 dxe5 8.
Qxd8 Rxd8 9. Bg5 Re8 10. O-O h6 11. Be3 c6 12. h3 Na6 13. a3 b6 14. b4 Nc7 15.
Rad1 Bb7 16. Nd2 1/2-1/2

[Event "13sen.WMH 2003 Senioren"]
[Site "Bad Zwischenahn(17.11.-29.11.2003)"]
[Date "2003.??.??"]
[Round "11.63"]
[White "Hesselbarth, Karlheinz"]
[Black "Werl, Wolfgang"]
[Result "1/2-1/2"]
[WhiteElo "1720"]
[BlackElo "1758"]
[PlyCount "24"]


1. d4 d6 2. c4 Nf6 3. Nc3 e5 4. d5 Bf5 5. Bg5 Be7 6. Nf3 Nbd7 7. e3 c6 8. Nh4
Bg6 9. Nxg6 fxg6 10. e4 O-O 11. Qd2 Nc5 12. Bxf6 Rxf6 1/2-1/2

[Event "13sen.WMH 2003 Senioren"]
[Site "Bad Zwischenahn(17.11.-29.11.2003)"]
[Date "2003.??.??"]
[Round "11.65"]
[White "Niebaum, Karl"]
[Black "Peleikis, Horst"]
[Result "1/2-1/2"]
[WhiteElo "1798"]
[BlackElo "1916"]
[PlyCount "45"]


1. d4 g6 2. g3 Nf6 3. Bg2 Bg7 4. Nf3 d6 5. O-O O-O 6. Nbd2 Nbd7 7. e4 e5 8. c3
Re8 9. Re1 a5 10. Qc2 b6 11. d5 Bb7 12. Nc4 h6 13. b4 Ba6 14. Nfd2 axb4 15.
cxb4 Ra7 16. Bb2 Qa8 17. a3 Nf8 18. Rac1 Bb5 19. Qc3 Qd8 20. Bh3 Bd7 21. Bxd7
N8xd7 22. Rc2 Rf8 23. Ne3 1/2-1/2

[Event "13sen.WMH 2003 Senioren"]
[Site "Bad Zwischenahn(17.11.-29.11.2003)"]
[Date "2003.??.??"]
[Round "11.66"]
[White "Johannsen, Ingbert"]
[Black "Burreh, Heinz"]
[Result "1-0"]
[WhiteElo "1957"]
[BlackElo "1777"]
[PlyCount "77"]


1. e4 e5 2. Nf3 Nc6 3. Bb5 Nf6 4. O-O d6 5. Re1 Bd7 6. c3 a6 7. Ba4 b5 8. Bc2
Be7 9. h3 O-O 10. d4 h6 11. Nbd2 Nh7 12. Nf1 Bf6 13. Ne3 Ne7 14. Qd3 Ng6 15.
Nd5 c6 16. Nxf6+ Nxf6 17. Kh2 Qc7 18. g3 Qc8 19. Ng1 Qc7 20. Be3 Rae8 21. f4
exf4 22. Bxf4 Nxf4 23. gxf4 d5 24. e5 Ne4 25. Nf3 Bxh3 26. Nh4 Bg4 27. Rg1 h5
28. Qe3 Qe7 29. Ng2 Bf5 30. Bxe4 Bxe4 31. Qg3 f6 32. Rae1 Kh7 33. Nh4 g5 34. f5
gxh4 35. Qg6+ Kh8 36. exf6 Qc7+ 37. Kh3 Rg8 38. Rxe4 dxe4 39. f7 1-0

[Event "13sen.WMH 2003 Senioren"]
[Site "Bad Zwischenahn(17.11.-29.11.2003)"]
[Date "2003.??.??"]
[Round "11.67"]
[White "Nietsch, Horst"]
[Black "Kaner, Klim"]
[Result "1-0"]
[WhiteElo "1987"]
[BlackElo "1911"]
[PlyCount "63"]


1. e4 g6 2. d4 Bg7 3. Nf3 c6 4. Nc3 e6 5. Bd3 Ne7 6. O-O d5 7. e5 Nf5 8. Bxf5
gxf5 9. Bg5 Qc7 10. Ne2 h6 11. Bh4 Nd7 12. Nf4 c5 13. c3 b6 14. a4 a5 15. Nd2
Bb7 16. Qh5 Nf8 17. Rfc1 Rc8 18. Nb3 Rg8 19. Bg3 c4 20. Nd2 b5 21. axb5 Qb6 22.
b3 Qxb5 23. bxc4 dxc4 24. Rcb1 Qa6 25. Rb2 a4 26. Rab1 Bd5 27. Rb6 Qa8 28. R6b5
a3 29. Nxd5 Nd7 30. Ne3 a2 31. Ra1 Qa3 32. Ndxc4 1-0

[Event "13sen.WMH 2003 Senioren"]
[Site "Bad Zwischenahn(17.11.-29.11.2003)"]
[Date "2003.??.??"]
[Round "11.68"]
[White "Rickers, Gerd"]
[Black "Schober, Manfred"]
[Result "1-0"]
[WhiteElo "1957"]
[BlackElo "1837"]
[PlyCount "113"]


1. d4 d5 2. c4 dxc4 3. Nf3 Nf6 4. Qa4+ c6 5. Qxc4 Nbd7 6. Nc3 Nb6 7. Qd3 g6 8.
e4 Bg7 9. Be2 O-O 10. O-O Qc7 11. Rd1 Rd8 12. Qc2 Bg4 13. Be3 Nfd7 14. Rac1
Rac8 15. Qb3 e6 16. Bg5 Bf6 17. Bxf6 Nxf6 18. e5 Ne8 19. h3 Bxf3 20. Bxf3 Qd7
21. a4 Nd5 22. Bxd5 cxd5 23. Nb1 Rc6 24. Rc3 Rxc3 25. Nxc3 Rc8 26. a5 Rc4 27.
Rd3 Qc6 28. Qa3 Qd7 29. b3 Rc6 30. Nd1 Qc7 31. Ne3 h5 32. g4 Ng7 33. b4 Rc1+
34. Kg2 a6 35. Qb2 Rc6 36. Nd1 Rc2 37. Qa3 Qc6 38. Rc3 Rxc3 39. Qxc3 hxg4 40.
hxg4 Kh7 41. Qxc6 bxc6 42. Nb2 Ne8 43. Nd3 g5 44. Nc5 Nc7 45. Kf3 Kg6 46. Nd7
f5 47. exf6 Kf7 48. Ke3 Kg6 49. f4 gxf4+ 50. Kxf4 Nb5 51. Ke5 Kf7 52. Nc5 Na3
53. g5 Nc4+ 54. Kf4 Nb2 55. Nxa6 Kg6 56. Ke5 Kf7 57. Kd6 1-0

[Event "13sen.WMH 2003 Senioren"]
[Site "Bad Zwischenahn(17.11.-29.11.2003)"]
[Date "2003.??.??"]
[Round "11.69"]
[White "Bardin, Christian"]
[Black "Ziltener, Werner"]
[Result "0-1"]
[WhiteElo "1763"]
[BlackElo "1967"]
[PlyCount "54"]


1. e4 e5 2. Nf3 Nc6 3. Nc3 Bb4 4. a3 Ba5 5. Bc4 d6 6. O-O Bg4 7. d3 Nd4 8. Bg5
Bxf3 9. Qd2 Qd7 10. h3 Bh5 11. f4 h6 12. Bh4 Ne2+ 13. Kh2 Nxf4 14. a4 g5 15.
Bg3 O-O-O 16. b4 Bb6 17. Bf2 Nf6 18. a5 Bf3 19. Bxb6 Bxg2 20. Qe3 Bxf1 21. Rxf1
axb6 22. Bb5 Qe7 23. axb6 g4 24. bxc7 g3+ 25. Kxg3 Rdg8+ 26. Kf2 N6h5 27. Ke1
Ng2+ 0-1

[Event "13sen.WMH 2003 Senioren"]
[Site "Bad Zwischenahn(17.11.-29.11.2003)"]
[Date "2003.??.??"]
[Round "11.70"]
[White "Krawinkel, Hans-Werner"]
[Black "Juergens, Peter"]
[Result "1/2-1/2"]
[WhiteElo "1756"]
[BlackElo "1835"]
[PlyCount "33"]


1. c4 Nf6 2. Nc3 e6 3. d4 Bb4 4. Bd2 d5 5. e3 O-O 6. a3 Be7 7. b4 b6 8. c5 a5
9. Nf3 Bb7 10. Bd3 Nbd7 11. O-O axb4 12. axb4 bxc5 13. bxc5 Qc8 14. Qc2 Ba6 15.
Rfb1 Bxd3 16. Qxd3 Rxa1 17. Rxa1 1/2-1/2

[Event "13sen.WMH 2003 Senioren"]
[Site "Bad Zwischenahn(17.11.-29.11.2003)"]
[Date "2003.??.??"]
[Round "11.71"]
[White "Lotsov Har-Zahav, Avraham"]
[Black "Plassmann, Florenz"]
[Result "0-1"]
[WhiteElo "2034"]
[BlackElo "1862"]
[PlyCount "98"]


1. e4 e5 2. Nf3 Nc6 3. d4 exd4 4. Nxd4 Bc5 5. Nb3 Bb6 6. Bd3 d6 7. a4 a6 8. O-O
Qh4 9. N1d2 Bg4 10. Qe1 Ne5 11. Be2 Nf6 12. a5 Ba7 13. Bxg4 Nfxg4 14. h3 h5 15.
Kh1 Nxf2+ 16. Rxf2 Bxf2 17. Qe2 Ba7 18. Nf1 Qf2 19. Qxf2 Bxf2 20. Be3 Bxe3 21.
Nxe3 O-O-O 22. Nd4 Nc6 23. Nxc6 bxc6 24. Nf5 g6 25. Nd4 Kd7 26. Nf3 Rb8 27. b3
Rb4 28. Rf1 Rf8 29. e5 Re4 30. exd6 cxd6 31. Ng5 Re7 32. Rf4 f5 33. Rb4 Kc7 34.
Rb6 Ra8 35. Nf3 Re2 36. Nd4 Re1+ 37. Kh2 c5 38. Nf3 Ra1 39. b4 cxb4 40. Rxb4
Rxa5 41. Ng5 Re5 42. Rc4+ Kd7 43. Kg3 a5 44. Ra4 Kc6 45. c4 Re3+ 46. Kf4 Rb3
47. Ra1 a4 48. Nf3 Rd3 49. Kg5 a3 0-1

[Event "13sen.WMH 2003 Senioren"]
[Site "Bad Zwischenahn(17.11.-29.11.2003)"]
[Date "2003.??.??"]
[Round "11.72"]
[White "Frauenfelder, Rudolf"]
[Black "Assmann, Siegfried"]
[Result "1-0"]
[WhiteElo "1926"]
[BlackElo "1790"]
[PlyCount "58"]


1. c4 c5 2. Nc3 Nc6 3. g3 d6 4. Bg2 Bd7 5. e4 e6 6. Nge2 Be7 7. d4 Nf6 8. O-O
O-O 9. h3 a6 10. Be3 Rb8 11. a4 Qc8 12. Kh2 cxd4 13. Nxd4 Nxd4 14. Qxd4 Bc6 15.
a5 Rd8 16. Rfd1 Ne8 17. Qd3 Nc7 18. Na4 Bxa4 19. Rxa4 Qd7 20. b3 Ne8 21. Ra2
Qc8 22. Rad2 Nf6 23. Bb6 Rd7 24. b4 Bd8 25. Ba7 Ra8 26. Bd4 Bc7 27. Qe2 Rd8 28.
f4 Qd7 29. Qf2 Qe7 1-0

[Event "13sen.WMH 2003 Senioren"]
[Site "Bad Zwischenahn(17.11.-29.11.2003)"]
[Date "2003.??.??"]
[Round "11.73"]
[White "Wittmann, Georg"]
[Black "Spurga, Josef"]
[Result "0-1"]
[WhiteElo "1820"]
[BlackElo "1854"]
[PlyCount "54"]


1. c4 Nf6 2. Nc3 e5 3. e4 Nc6 4. Nge2 d6 5. d4 exd4 6. Nxd4 Bd7 7. h3 g6 8. Be2
h5 9. O-O Bg7 10. Be3 a6 11. Rb1 Nxd4 12. Bxd4 Bc6 13. Nd5 Bxd5 14. exd5 Qd7
15. b4 O-O 16. c5 dxc5 17. Bxc5 Nxd5 18. Bf3 Rfd8 19. Bxd5 Qxd5 20. Be7 Rd7 21.
Qxd5 Rxd5 22. Rfd1 Re5 23. Rd7 Re8 24. Bc5 b5 25. Rxc7 Re1+ 26. Rxe1 Rxe1+ 27.
Kh2 Be5+ 0-1

[Event "13sen.WMH 2003 Senioren"]
[Site "Bad Zwischenahn(17.11.-29.11.2003)"]
[Date "2003.??.??"]
[Round "11.74"]
[White "Jakoby, Hans"]
[Black "Ragsch, Klaus"]
[Result "1/2-1/2"]
[WhiteElo "1785"]
[BlackElo "1873"]
[PlyCount "41"]


1. d4 d5 2. c4 e6 3. Nf3 Nf6 4. Nc3 c6 5. e3 Bd6 6. Bd3 Nbd7 7. O-O O-O 8. e4
dxe4 9. Nxe4 Be7 10. Bg5 Nxe4 11. Bxe7 Qxe7 12. Bxe4 Qf6 13. Qc2 g6 14. Rfd1
Rd8 15. Rd2 Nf8 16. Rad1 Bd7 17. Ne5 Be8 18. c5 Nd7 19. Nc4 Qe7 20. Nd6 Nf6 21.
Bf3 1/2-1/2

[Event "13sen.WMH 2003 Senioren"]
[Site "Bad Zwischenahn(17.11.-29.11.2003)"]
[Date "2003.??.??"]
[Round "11.75"]
[White "Rodemann, Edmund"]
[Black "Bosbach, Manfred"]
[Result "1/2-1/2"]
[WhiteElo "1801"]
[BlackElo "1766"]
[PlyCount "61"]


1. e4 e6 2. d4 d5 3. e5 c5 4. c3 Nc6 5. Nf3 Qb6 6. a3 Bd7 7. b4 cxd4 8. cxd4
Rc8 9. Be3 f5 10. Be2 Nge7 11. O-O Ng6 12. Qd2 Be7 13. g3 O-O 14. Rd1 Nd8 15.
Nc3 a6 16. Ne1 Nf7 17. Nd3 Qd8 18. Nc5 Bxc5 19. bxc5 Bc6 20. f4 h6 21. Rab1 Rc7
22. a4 Ne7 23. Qc2 g5 24. Qd2 Ng6 25. Bh5 Kh7 26. Be2 gxf4 27. Bxf4 Nxf4 28.
gxf4 Qh4 29. Kh1 Nh8 30. Rg1 Rff7 31. Bf3 1/2-1/2

[Event "13sen.WMH 2003 Senioren"]
[Site "Bad Zwischenahn(17.11.-29.11.2003)"]
[Date "2003.11.29"]
[Round "11.76"]
[White "Langer, Wolfgang[39Leipz]"]
[Black "Forselv, Edmund"]
[Result "1-0"]
[WhiteElo "1800"]
[BlackElo "1840"]
[PlyCount "81"]


1. d4 Nf6 2. g3 d5 3. Bg2 g6 4. Nf3 Bg7 5. Nbd2 O-O 6. c4 c6 7. b3 Na6 8. O-O
Bf5 9. Nh4 Be6 10. Bb2 Qd7 11. Nhf3 Bh3 12. Re1 Bxg2 13. Kxg2 Qf5 14. Qb1 Qxb1
15. Raxb1 Nd7 16. e3 Rfe8 17. a3 e5 18. dxe5 Nxe5 19. Nxe5 Bxe5 20. Bxe5 Rxe5
21. Nf3 Re7 22. cxd5 cxd5 23. Red1 Rd8 24. Rbc1 Rc7 25. b4 f6 26. Nd4 Rcd7 27.
Rc3 Kf7 28. Rdc1 Nb8 29. b5 a6 30. a4 axb5 31. axb5 Ke7 32. Kf3 Kd6 33. h4 h5
34. Ke2 Re7 35. Rc8 Ree8 36. R8c7 Rd7 37. b6 Rxc7 38. Nb5+ Ke5 39. f4+ Kf5 40.
bxc7 Nc6 41. Nd6+ 1-0